000 01950nam a22001577a 4500
041 _aukr
080 _a09
090 _bГРО
100 _aГромова В.В.
245 _aЛексичні засоби на позначення позитивних та негативних емоцій у творах В.Теккерея
260 _aОстрог
_bКАФ
_c2009
300 _a62
520 _aВСТУП РОЗІДЛ1 ЕМОЦІЇ ЯК ЗАСІБ ВИРАЖЕННЯ ПСИХОЛОГІЧНОГО СТАНУ ЛЮДИНИ 1.1 Емоції. Теорії виникнення емоцій. 1.2 Лексика на позначення емоцій та її використаня у світовій літературі. 1.3 Емоції та емотивність. Мова опису емоцій та емотивності. 1.4 Поняття емоційної та експресивної лексики. Характеристика емоційно-забарвлених одиниць. 1.5 процес комунікації та емоції. РОЗДІЛ 2 ОПИС ЛЕКСИКИ, ЩО ВИКОРИСТОВУЮТЬСЯ НА ПОЗНАЧЕННЯ ЕМОЦІЙ ТА ПОЧУТТІВ 2.1 Лексичні одиниці на позначення емоцій у творі "Історія Пенденіса". 2.2 Лексичні одиниці на позначення емоцій у творі "Записки Жовтоплюща". 2.3 Лексичні одиниці на позначення емоцій у творі "Книга Снобів". 2.4 Лексичні одиниці на вираження емоцій у творі"Барі Ліндон". 2.5 Лексичні одиниці на вираження емоцій у творі "Історія Самюеля Тітмарша". ВИСНОВКИ
_0емоції,почуття,лексичні одиниці
650 _aResearch Papers
999 _c284188
_d284188
942 _cBK